The nautical institute on pilotage and shiphandling (Record no. 4087)

000 -LEADER
fixed length control field 00373nam a2200145Ia 4500
008 - FIXED-LENGTH DATA ELEMENTS--GENERAL INFORMATION
fixed length control field 200103s9999||||xx |||||||||||||| ||und||
020 ## - INTERNATIONAL STANDARD BOOK NUMBER
International Standard Book Number 1870077075
082 ## - DEWEY DECIMAL CLASSIFICATION NUMBER
Classification number Column-8
100 ## - MAIN ENTRY--PERSONAL NAME
Personal name The nautical Institute
245 #4 - TITLE STATEMENT
Title The nautical institute on pilotage and shiphandling
260 ## - PUBLICATION, DISTRIBUTION, ETC. (IMPRINT)
Name of publisher, distributor, etc The nautical Institute
Date of publication, distribution, etc 1990
300 ## - PHYSICAL DESCRIPTION
Extent 387
942 ## - ADDED ENTRY ELEMENTS (KOHA)
Item type Books
Holdings
Withdrawn status Lost status Damaged status Not for loan Shelving location Date acquired Barcode Date last seen Koha item type Source of classification or shelving scheme Collection code Permanent location Current location Full call number Public note
          2020-01-08 LBSD673 2025-03-17 Books            
        General Stacks 2020-10-23 LBS10831 2025-03-17 Books   Non-fiction IMU-MPC Library IMU-MPC Library 623.8 SAN Column - 1
Copyright © 2021 Indian Maritime University, Mumbai Port Campus. All Rights Reserved. Managed & Maintained by Central Library, IMU-Mumbai

webs counters

Powered by Koha